[Event "Orsay Blitz op"]
[Site "Europe Echecs INT"]
[Date "2023.09.17"]
[Round "9"]
[White "Chaudurie, Yohan"]
[Black "Velthuizen, Hector"]
[Result "0-1"]
[WhiteElo "1540"]
[BlackElo "1199"]
[PlyCount "54"]
[EventDate "2023.09.17"]
[EventType "swiss (blitz)"]
[EventRounds "11"]
[EventCountry "FRA"]
[SourceTitle "EXT 2025"]
[Source "ChessBase"]
[SourceDate "2024.10.14"]
[SourceVersion "1"]
[SourceVersionDate "2024.10.14"]
[SourceQuality "1"]

1. e4 e5 2. Nf3 Nc6 3. Bb5 f6 4. d3 a6 5. Bc4 Bc5 6. 0-0 d6 7. Nfd2 f5 8. a3 Nf6 9. b4 Ba7 10. c3 Qe7 11. b5 axb5 12. Bb3 Be6 13. Bxe6 Qxe6 14. a4 bxa4 15. Qxa4 0-0 16. Qd1 Bb6 17. Rxa8 Rxa8 18. Bb2 Ra2 19. Qc1 fxe4 20. dxe4 d5 21. exd5 Qxd5 22. Nf3 Ne4 23. c4 Qd3 24. Bxe5 Bxf2+ 25. Kh1 Rc2 26. Qf4 Qxf1+ 27. Ng1 Qxg1# 0-1

[Event "Orsay Blitz op"]
[Site "Europe Echecs INT"]
[Date "2023.09.17"]
[Round "8"]
[White "Velthuizen, Hector"]
[Black "Desaint, Fabien"]
[Result "1-0"]
[WhiteElo "1199"]
[BlackElo "1033"]
[PlyCount "125"]
[EventDate "2023.09.17"]
[EventType "swiss (blitz)"]
[EventRounds "11"]
[EventCountry "FRA"]
[SourceTitle "EXT 2025"]
[Source "ChessBase"]
[SourceDate "2024.10.14"]
[SourceVersion "1"]
[SourceVersionDate "2024.10.14"]
[SourceQuality "1"]

1. e4 c6 2. Nf3 d5 3. e5 Bf5 4. d4 e6 5. Bd3 Bxd3 6. cxd3 Bb4+ 7. Bd2 Be7 8. 0-0 f6 9. exf6 Bxf6 10. Bf4 Nd7 11. Be5 Nxe5 12. dxe5 Be7 13. Nbd2 Nh6 14. Re1 Nf5 15. Nf1 d4 16. Ng3 Nxg3 17. fxg3 0-0 18. Rf1 Qb6 19. b3 Qb5 20. Nxd4 Qxe5 21. Nf3 Bc5+ 22. d4 Qe3+ 23. Kh1 Bxd4 24. Qxd4 Qxd4 25. Nxd4 Rxf1+ 26. Rxf1 Rd8 27. Nxe6 Re8 28. Nc7 Re7 29. Na8 b5 30. Rd1 Kf7 31. Rf1+ Ke8 32. Rd1 Re2 33. a4 bxa4 34. bxa4 Ra2 35. Nc7+ Ke7 36. Re1+ Kd6 37. Ne8+ Kc5 38. Nxg7 Rxa4 39. Rc1+ Rc4 40. Rxc4+ Kxc4 41. Nf5 a5 42. Ne3+ Kb4 43. Nc2+ Kb3 44. Nd4+ Kb4 45. Nxc6+ Kb5 46. Nxa5 Kxa5 47. Kg1 Kb5 48. Kf2 Kc5 49. Kf3 Kd5 50. Kf4 Ke6 51. g4 Kf6 52. h4 Kg6 53. h5+ Kh6 54. Kf5 Kg7 55. g5 h6 56. g6 Kg8 57. Kf6 Kf8 58. g7+ Kg8 59. g4 Kh7 60. g5 hxg5 61. Kf7 g4 62. g8Q+ Kh6 63. Qg6# 1-0